West Point in the Confederacy /

Bibliographic Details
Main Author: Eliot, Ellsworth, 1864-1945
Format: Book
Language:English
Published: New York : G. A. Baker & co., inc., 1941.
Subjects:

MARC

Tag First Indicator Second Indicator Subfields
LEADER 00000cam a2200000 4500
001 in00000069026
005 20151008051352.0
008 750401s1941 nyu b 00000 eng u
010 |a  41005178  
035 |a (OCoLC)01247184 
035 |9 AAG7453AM 
040 |c CPL  |d TXA  |d UtOrBLW 
049 |a TXAM  |c 1 [94532], 2 [A09010384]  |a TXAS [mil]  |c 3,4 
050 0 0 |a E586.U5  |b E5 
082 0 |a 355.071173 
092 |a 355.071173  |b E42w 
100 1 |a Eliot, Ellsworth,  |d 1864-1945. 
245 1 0 |a West Point in the Confederacy /  |c by Ellsworth Eliot, jr. 
264 1 |a New York :  |b G. A. Baker & co., inc.,  |c 1941. 
300 |a  xxxii, 491 pages including tables. ;  |c 23 cm. 
336 |a text  |b txt  |2 rdacontent 
337 |a unmediated  |b n  |2 rdamedia 
338 |a volume  |b nc  |2 rdacarrier 
504 |a Bibliography: pages 468-474. 
610 1 0 |a United States Military Academy. 
610 1 0 |a United States Military Academy  |x Registers. 
651 0 |a Confederate States of America  |v Biography. 
651 0 |a United States  |x History  |y Civil War, 1861-1865  |v Registers. 
999 |a MARS 
999 f f |s f4cd86d0-f0fc-3505-a432-8ee34fc303d9  |i 32c88b07-2f17-3652-aa3f-d1f0df35027f  |t 0 
952 f f |p noncirc  |a Texas A&M University  |b College Station  |c Cushing Memorial Library & Archives  |d Cushing: Ragan Military (Does not check out)  |t 0  |e E586.U5 E5  |h Library of Congress classification  |i unmediated -- volume 
952 f f |p ric  |a Texas A&M University  |b Rellis Campus  |c Joint Library Facility  |d Remote Storage  |t 0  |e E586.U5 E5  |h Library of Congress classification  |i unmediated -- volume  |m A14809010384 
952 f f |p noncirc  |a Texas A&M University  |b College Station  |c Cushing Memorial Library & Archives  |d Cushing: Ragan Military (Does not check out)  |t 0  |e E586.U5 E5  |h Library of Congress classification  |i unmediated -- volume 
998 f f |a E586.U5 E5  |t 0  |l Cushing: Ragan Military (Does not check out) 
998 f f |a E586.U5 E5  |t 0  |l Remote Storage 
998 f f |a E586.U5 E5  |t 0  |l Cushing: Ragan Military (Does not check out)